Denmark First Level Subdivisions - Statistics

General Stats
  • This quiz has been taken 290 times
  • The average score is 4 of 7
Answer Stats
Regioner % Correct
Greenland
87%
Faroe Islands
83%
Zealand
78%
Capital
53%
North Jutland
53%
Mid Jutland
27%
Southern Denmark
27%
No matching quizzes found
Score Distribution
Percent of People with Each Score
Percentile by Number Answered
Your Score History
You have not taken this quiz